| 000 | 00841pam a2200289 a 4500 | ||
|---|---|---|---|
| 001 | 3463 | ||
| 003 | BD-RjUL | ||
| 005 | 20211208233732.0 | ||
| 008 | 131219s1985 nyua b 001 0 eng | ||
| 020 | _a0070421633 : | ||
| 035 | _a(BD-RjUL)3497 | ||
| 040 |
_aDLC _cDLC _dDLC _dBD-RjUL _beng |
||
| 041 | _aeng | ||
| 082 | 0 | 0 |
_a332.1 _219 _bMIM 1985 |
| 100 | 1 |
_aMiller, Roger LeRoy. _98075 |
|
| 245 | 1 | 0 |
_aModern money and banking / _cRoger LeRoy Miller, Robert W. Pulsinelli. |
| 260 |
_aNew York : _bMcGraw-Hill, _cc1985. |
||
| 300 |
_aix, 661 p. : _bill. ; _c24 cm. |
||
| 504 | _aIncludes bibliographies and indexes. | ||
| 650 | 0 |
_aMoney. _910887 |
|
| 650 | 0 |
_aBanks and banking. _910888 |
|
| 650 | 0 |
_aFinance. _910889 |
|
| 700 | 1 |
_aPulsinelli, Robert W. _910890 |
|
| 942 |
_2ddc _cBK |
||
| 999 |
_c3463 _d3463 |
||